[Event "ODJM A 2025"]
[Site "Willingen GER"]
[Date "2025.06.08"]
[Round "1"]
[White "Kliashtornyi, Arkadii"]
[Black "Heilig, Tim Markus"]
[Result "1-0"]
[Termination "normal"]
[Board "6"]
[WhiteElo "2194"]
[BlackElo "1926"]
[WhiteClock "00:46:55"]
[BlackClock "00:01:02"]
[PlyCount "67"]
[WhiteFideId "34119698"]
[BlackFideId "16295935"]
[EventCountry "GER"]
[EventRounds "9"]
[EventType "swiss"]
[EventDate "2025.06.07"]

1. d4 {[%clk 01:30:57]} {[%emt 00:00:03]} Nf6 {[%clk 01:30:53]} {[%emt
00:00:07]} 2. g3 {[%clk 01:31:22]} {[%emt 00:00:05]} c5 {[%clk 01:30:10]}
{[%emt 00:01:12]} 3. d5 {[%clk 01:31:48]} {[%emt 00:00:07]} b5 {[%clk
01:30:10]} {[%emt 00:00:29]} 4. a4 {[%clk 01:32:14]} {[%emt 00:00:03]} b4
{[%clk 01:29:11]} {[%emt 00:01:28]} 5. c4 {[%clk 01:32:41]} {[%emt 00:00:04]}
d6 {[%clk 01:26:37]} {[%emt 00:03:04]} 6. Bg2 {[%clk 01:32:36]} {[%emt
00:00:35]} g6 {[%clk 01:22:45]} {[%emt 00:04:22]} 7. b3 {[%clk 01:33:02]}
{[%emt 00:00:05]} Bg7 {[%clk 01:21:32]} {[%emt 00:01:42]} 8. Bb2 {[%clk
01:33:27]} {[%emt 00:00:05]} O-O {[%clk 01:21:18]} {[%emt 00:00:44]} 9. Nh3
{[%clk 01:33:35]} {[%emt 00:00:22]} Qc7 {[%clk 01:12:49]} {[%emt 00:08:59]} 10.
O-O {[%clk 01:33:24]} {[%emt 00:00:40]} Nbd7 {[%clk 01:00:33]} {[%emt
00:12:47]} 11. Nd2 {[%clk 01:33:07]} {[%emt 00:00:47]} Rb8 {[%clk 00:57:36]}
{[%emt 00:03:27]} 12. Qc2 {[%clk 01:30:19]} {[%emt 00:03:18]} Ne5 {[%emt
00:04:27]} 13. e4 {[%emt 00:12:40]} e6 {[%clk 00:46:16]} {[%emt 00:00:08]} 14.
f4 {[%clk 01:23:46]} {[%emt 00:02:38]} Neg4 {[%clk 00:45:40]} {[%emt 00:01:06]}
15. Rae1 {[%clk 01:23:03]} {[%emt 00:01:13]} exd5 {[%clk 00:43:51]} {[%emt
00:02:19]} 16. cxd5 {[%clk 01:22:06]} {[%emt 00:01:26]} Bb7 {[%clk 00:39:23]}
{[%emt 00:04:58]} 17. Ng5 {[%emt 00:07:33]} Rbc8 {[%clk 00:33:21]} {[%emt
00:06:25]} 18. h3 {[%clk 01:11:10]} {[%emt 00:04:30]} c4 {[%clk 00:29:31]}
{[%emt 00:04:21]} 19. Nxc4 {[%clk 01:09:23]} {[%emt 00:02:17]} Qc5+ {[%clk
00:27:40]} {[%emt 00:02:20]} 20. Kh1 {[%clk 01:08:12]} {[%emt 00:01:41]} Nh5
{[%clk 00:19:12]} {[%emt 00:08:57]} 21. Rf3 {[%clk 00:59:11]} {[%emt 00:09:32]}
Nh6 {[%clk 00:14:46]} {[%emt 00:04:56]} 22. g4 {[%clk 00:57:47]} {[%emt
00:01:55]} Nf6 {[%clk 00:13:58]} {[%emt 00:01:17]} 23. Qf2 {[%clk 00:56:10]}
{[%emt 00:02:07]} Qc7 {[%clk 00:12:19]} {[%emt 00:02:09]} 24. Qxa7 {[%clk
00:54:17]} {[%emt 00:02:24]} Rfe8 {[%clk 00:09:28]} {[%emt 00:03:20]} 25. Rff1
{[%clk 00:51:37]} {[%emt 00:03:10]} Nd7 {[%clk 00:07:20]} {[%emt 00:02:38]} 26.
Bxg7 {[%clk 00:50:36]} {[%emt 00:01:32]} Kxg7 {[%clk 00:07:44]} {[%emt
00:00:06]} 27. Nxd6 {[%clk 00:49:40]} {[%emt 00:01:25]} Qxd6 {[%clk 00:07:55]}
{[%emt 00:00:19]} 28. Qxb7 {[%clk 00:49:58]} {[%emt 00:00:13]} Nc5 {[%emt
00:04:11]} 29. Qxb4 {[%clk 00:47:27]} {[%emt 00:02:37]} Rb8 {[%clk 00:03:01]}
{[%emt 00:02:06]} 30. Qc3+ {[%clk 00:47:29]} {[%emt 00:00:27]} Kg8 {[%clk
00:02:26]} {[%emt 00:01:05]} 31. e5 {[%clk 00:47:44]} {[%emt 00:00:17]} Qb6
{[%clk 00:01:53]} {[%emt 00:01:02]} 32. Ne4 {[%clk 00:47:08]} {[%emt 00:01:06]}
Nxe4 {[%clk 00:01:46]} {[%emt 00:00:37]} 33. Rxe4 {[%clk 00:47:21]} {[%emt
00:00:17]} Rec8 {[%clk 00:01:02]} {[%emt 00:01:13]} 34. Rc4 {[%clk 00:46:55]}
{[%emt 00:00:56]} 1-0

[Event "ODJM A 2025"]
[Site "Willingen GER"]
[Date "2025.06.08"]
[Round "1"]
[White "Nguyen, Ha Thanh"]
[Black "Meiwes, Thore"]
[Result "1/2-1/2"]
[Termination "normal"]
[Board "7"]
[WhiteElo "1950"]
[BlackElo "2139"]
[WhiteClock "00:01:37"]
[BlackClock "00:00:38"]
[PlyCount "212"]
[WhiteFideId "12942154"]
[BlackFideId "16201256"]
[EventCountry "GER"]
[EventRounds "9"]
[EventType "swiss"]
[EventDate "2025.06.07"]

1. c4 {[%clk 01:30:54]} {[%emt 00:00:05]} Nf6 {[%clk 01:30:55]} {[%emt
00:00:06]} 2. Nf3 {[%clk 01:31:17]} {[%emt 00:00:08]} e6 {[%clk 01:31:20]}
{[%emt 00:00:04]} 3. g3 {[%clk 01:31:36]} {[%emt 00:00:12]} a6 {[%clk
01:31:40]} {[%emt 00:00:09]} 4. Bg2 {[%clk 01:30:47]} {[%emt 00:01:20]} b5
{[%clk 01:32:03]} {[%emt 00:00:08]} 5. b3 {[%clk 01:21:48]} {[%emt 00:09:29]}
c5 {[%clk 01:32:28]} {[%emt 00:00:04]} 6. O-O {[%clk 01:21:45]} {[%emt
00:00:33]} Bb7 {[%clk 01:32:14]} {[%emt 00:00:44]} 7. Na3 {[%clk 01:13:01]}
{[%emt 00:09:16]} b4 {[%clk 01:27:57]} {[%emt 00:04:46]} 8. Nc2 {[%clk
01:09:53]} {[%emt 00:03:38]} Be7 {[%clk 01:27:38]} {[%emt 00:00:48]} 9. Bb2
{[%clk 01:07:05]} {[%emt 00:03:19]} O-O {[%clk 01:27:53]} {[%emt 00:00:14]} 10.
e3 {[%clk 00:58:45]} {[%emt 00:08:50]} a5 {[%clk 01:27:17]} {[%emt 00:01:07]}
11. d4 {[%clk 00:55:05]} {[%emt 00:04:10]} Na6 {[%clk 01:26:33]} {[%emt
00:01:14]} 12. dxc5 {[%clk 00:43:55]} {[%emt 00:11:53]} Nxc5 {[%clk 01:26:40]}
{[%emt 00:00:09]} 13. Ncd4 {[%clk 00:43:33]} {[%emt 00:00:53]} Qb6 {[%clk
01:25:51]} {[%emt 00:01:17]} 14. Ne5 {[%clk 00:38:02]} {[%emt 00:06:02]} Bxg2
{[%clk 01:21:03]} {[%emt 00:05:19]} 15. Kxg2 {[%clk 00:38:24]} {[%emt
00:00:08]} Rfc8 {[%clk 01:17:14]} {[%emt 00:04:17]} 16. Nd3 {[%clk 00:27:47]}
{[%emt 00:11:08]} Qb7+ {[%clk 01:14:15]} {[%emt 00:03:28]} 17. Kg1 {[%clk
00:23:02]} {[%emt 00:05:16]} d5 {[%clk 01:14:18]} {[%emt 00:00:27]} 18. cxd5
{[%clk 00:22:18]} {[%emt 00:01:14]} Nxd5 {[%clk 01:13:10]} {[%emt 00:01:37]}
19. Nxc5 {[%clk 00:08:11]} {[%emt 00:14:40]} Rxc5 {[%clk 01:12:59]} {[%emt
00:00:39]} 20. Qd2 {[%clk 00:06:38]} {[%emt 00:02:04]} Nc3 {[%clk 01:03:45]}
{[%emt 00:09:44]} 21. Bxc3 {[%clk 00:05:08]} {[%emt 00:02:00]} bxc3 {[%clk
01:03:54]} {[%emt 00:00:20]} 22. Qc2 {[%clk 00:05:16]} {[%emt 00:00:23]} e5
{[%clk 00:56:22]} {[%emt 00:08:01]} 23. Ne2 {[%clk 00:04:45]} {[%emt 00:01:01]}
Rac8 {[%clk 00:53:20]} {[%emt 00:03:31]} 24. Rfd1 {[%clk 00:05:08]} {[%emt
00:00:09]} a4 {[%clk 00:37:56]} {[%emt 00:15:54]} 25. Rab1 {[%clk 00:04:36]}
{[%emt 00:01:01]} Rb5 {[%clk 00:29:08]} {[%emt 00:09:18]} 26. bxa4 {[%clk
00:04:08]} {[%emt 00:00:59]} Rxb1 {[%clk 00:21:46]} {[%emt 00:07:51]} 27. Rxb1
{[%clk 00:04:33]} {[%emt 00:00:06]} Qd5 {[%clk 00:21:21]} {[%emt 00:00:54]} 28.
Rd1 {[%clk 00:04:12]} {[%emt 00:00:51]} Qc4 {[%clk 00:20:57]} {[%emt 00:00:53]}
29. Nc1 {[%clk 00:03:24]} {[%emt 00:01:19]} g6 {[%clk 00:15:51]} {[%emt
00:05:36]} 30. Rd3 {[%clk 00:03:21]} {[%emt 00:00:33]} Bf6 {[%clk 00:15:41]}
{[%emt 00:00:40]} 31. e4 {[%clk 00:02:55]} {[%emt 00:00:57]} Kg7 {[%clk
00:12:55]} {[%emt 00:03:15]} 32. Rd5 {[%clk 00:02:55]} {[%emt 00:00:30]} Qb4
{[%clk 00:09:01]} {[%emt 00:04:24]} 33. Rb5 {[%clk 00:02:49]} {[%emt 00:00:37]}
Qc4 {[%clk 00:07:14]} {[%emt 00:02:17]} 34. Rd5 {[%clk 00:03:17]} {[%emt
00:00:02]} Rb8 {[%clk 00:06:05]} {[%emt 00:01:39]} 35. Nb3 {[%clk 00:02:51]}
{[%emt 00:00:56]} Qxa4 {[%clk 00:05:24]} {[%emt 00:01:10]} 36. Rc5 {[%clk
00:02:45]} {[%emt 00:00:38]} Rb4 {[%clk 00:04:34]} {[%emt 00:01:18]} 37. Rxc3
{[%clk 00:01:57]} {[%emt 00:01:17]} Rxe4 {[%clk 00:04:42]} {[%emt 00:00:22]}
38. Qd2 {[%clk 00:01:39]} {[%emt 00:00:50]} Qb4 {[%clk 00:02:47]} {[%emt
00:02:24]} 39. Re3 {[%clk 00:01:22]} {[%emt 00:00:48]} Qxd2 {[%clk 00:01:07]}
{[%emt 00:02:10]} 40. Nxd2 {[%clk 00:01:49]} {[%emt 00:00:02]} Ra4 {[%clk
00:01:35]} {[%emt 00:00:02]} 41. Nf3 {[%clk 00:30:01]} {[%emt 00:02:19]} e4
{[%clk 00:27:50]} {[%emt 00:04:15]} 42. Nd2 {[%clk 00:28:10]} {[%emt 00:02:20]}
Rxa2 {[%clk 00:27:54]} {[%emt 00:00:26]} 43. Nxe4 {[%clk 00:28:24]} {[%emt
00:00:17]} Bd4 {[%clk 00:28:03]} {[%emt 00:00:20]} 44. Rf3 {[%clk 00:25:38]}
{[%emt 00:03:16]} f5 {[%clk 00:26:16]} {[%emt 00:02:17]} 45. Ng5 {[%clk
00:25:08]} {[%emt 00:01:00]} Bf6 {[%clk 00:26:30]} {[%emt 00:00:16]} 46. Ne6+
{[%clk 00:23:53]} {[%emt 00:01:45]} Kf7 {[%clk 00:26:37]} {[%emt 00:00:22]} 47.
Nf4 {[%clk 00:22:58]} {[%emt 00:01:26]} Bd4 {[%clk 00:24:26]} {[%emt 00:02:40]}
48. h4 {[%clk 00:22:30]} {[%emt 00:00:59]} h6 {[%clk 00:21:02]} {[%emt
00:03:53]} 49. Nh3 {[%clk 00:22:00]} {[%emt 00:01:01]} Ke6 {[%clk 00:18:47]}
{[%emt 00:02:44]} 50. Kg2 {[%clk 00:21:14]} {[%emt 00:01:17]} Rd2 {[%clk
00:17:45]} {[%emt 00:01:32]} 51. Nf4+ {[%clk 00:15:16]} {[%emt 00:06:28]} Kf6
{[%clk 00:17:31]} {[%emt 00:00:41]} 52. Nd5+ {[%clk 00:13:05]} {[%emt
00:02:43]} Kf7 {[%clk 00:16:33]} {[%emt 00:01:27]} 53. Ne3 {[%clk 00:06:46]}
{[%emt 00:06:51]} Kg7 {[%clk 00:16:06]} {[%emt 00:00:56]} 54. Kf1 {[%clk
00:05:58]} {[%emt 00:01:19]} h5 {[%clk 00:15:13]} {[%emt 00:01:22]} 55. Ke1
{[%clk 00:05:56]} {[%emt 00:00:33]} Ra2 {[%clk 00:14:48]} {[%emt 00:00:54]} 56.
Nd1 {[%clk 00:05:45]} {[%emt 00:00:43]} Kf6 {[%clk 00:13:55]} {[%emt 00:01:22]}
57. Rd3 {[%clk 00:05:50]} {[%emt 00:00:24]} Ke5 {[%clk 00:13:39]} {[%emt
00:00:46]} 58. Rb3 {[%clk 00:04:38]} {[%emt 00:01:41]} Rc2 {[%clk 00:10:30]}
{[%emt 00:03:40]} 59. Ra3 {[%clk 00:04:16]} {[%emt 00:00:53]} Rc6 {[%clk
00:08:25]} {[%emt 00:02:35]} 60. Ra2 {[%clk 00:04:28]} {[%emt 00:00:19]} f4
{[%clk 00:08:23]} {[%emt 00:00:30]} 61. Ke2 {[%clk 00:04:21]} {[%emt 00:00:37]}
Kf5 {[%clk 00:07:29]} {[%emt 00:01:24]} 62. Ra5+ {[%clk 00:03:56]} {[%emt
00:00:56]} Be5 {[%clk 00:07:00]} {[%emt 00:00:59]} 63. Kf3 {[%clk 00:03:24]}
{[%emt 00:01:03]} fxg3 {[%clk 00:07:03]} {[%emt 00:00:27]} 64. fxg3 {[%clk
00:03:35]} {[%emt 00:00:20]} Ke6 {[%clk 00:06:30]} {[%emt 00:01:02]} 65. Ra3
{[%emt 00:00:32]} Rc1 {[%clk 00:06:15]} {[%emt 00:00:43]} 66. Rd3 {[%clk
00:03:53]} {[%emt 00:00:12]} Ra1 {[%clk 00:05:36]} {[%emt 00:01:09]} 67. Ne3
{[%clk 00:03:09]} {[%emt 00:01:13]} Rg1 {[%clk 00:05:20]} {[%emt 00:00:45]} 68.
Ng2 {[%clk 00:03:29]} {[%emt 00:00:11]} Rf1+ {[%clk 00:05:09]} {[%emt
00:00:41]} 69. Ke2 {[%clk 00:03:49]} {[%emt 00:00:11]} Rf8 {[%clk 00:04:59]}
{[%emt 00:00:34]} 70. Ra3 {[%clk 00:03:40]} {[%emt 00:00:46]} Rb8 {[%clk
00:02:10]} {[%emt 00:03:17]} 71. Kf3 {[%clk 00:03:03]} {[%emt 00:01:08]} Rb4
{[%clk 00:02:26]} {[%emt 00:00:13]} 72. Ra6+ {[%clk 00:03:04]} {[%emt
00:00:30]} Kf7 {[%clk 00:02:54]} {[%emt 00:00:02]} 73. Ra7+ {[%clk 00:03:08]}
{[%emt 00:00:27]} Kf6 {[%clk 00:03:05]} {[%emt 00:00:17]} 74. Ra6+ {[%clk
00:03:30]} {[%emt 00:00:10]} Kg7 {[%clk 00:03:19]} {[%emt 00:00:14]} 75. Ra7+
{[%clk 00:03:47]} {[%emt 00:00:14]} Kh6 {[%clk 00:03:16]} {[%emt 00:00:31]} 76.
Ra3 {[%clk 00:03:10]} {[%emt 00:01:09]} Rg4 {[%clk 00:03:30]} {[%emt 00:00:16]}
77. Kf2 {[%clk 00:03:29]} {[%emt 00:00:11]} Bd4+ {[%clk 00:02:15]} {[%emt
00:01:44]} 78. Kf3 {[%clk 00:03:39]} {[%emt 00:00:21]} Bc5 {[%clk 00:02:30]}
{[%emt 00:00:14]} 79. Rd3 {[%clk 00:03:41]} {[%emt 00:00:29]} Bb6 {[%clk
00:01:28]} {[%emt 00:01:32]} 80. Rc3 {[%clk 00:02:52]} {[%emt 00:01:19]} Ba5
{[%clk 00:01:08]} {[%emt 00:00:49]} 81. Rb3 {[%clk 00:02:33]} {[%emt 00:00:49]}
Bc7 {[%clk 00:00:59]} {[%emt 00:00:39]} 82. Kf2 {[%clk 00:02:37]} {[%emt
00:00:26]} Rc4 {[%clk 00:00:54]} {[%emt 00:00:35]} 83. Rd3 {[%clk 00:02:41]}
{[%emt 00:00:26]} Be5 {[%clk 00:01:11]} {[%emt 00:00:14]} 84. Kf3 {[%clk
00:02:29]} {[%emt 00:00:42]} Rg4 {[%clk 00:01:23]} {[%emt 00:00:17]} 85. Kf2
{[%clk 00:02:46]} {[%emt 00:00:13]} Kg7 {[%clk 00:01:40]} {[%emt 00:00:13]} 86.
Rd7+ {[%clk 00:02:47]} {[%emt 00:00:30]} Kf6 {[%clk 00:01:53]} {[%emt
00:00:11]} 87. Rd3 {[%clk 00:02:59]} {[%emt 00:00:23]} Ke6 {[%clk 00:02:03]}
{[%emt 00:00:20]} 88. Ra3 {[%clk 00:02:53]} {[%emt 00:00:34]} Bd6 {[%clk
00:01:55]} {[%emt 00:00:40]} 89. Rb3 {[%clk 00:01:52]} {[%emt 00:01:33]} Re4
{[%clk 00:01:03]} {[%emt 00:01:20]} 90. Kf3 {[%clk 00:01:58]} {[%emt 00:00:25]}
Rg4 {[%clk 00:01:27]} {[%emt 00:00:06]} 91. Kf2 {[%clk 00:02:09]} {[%emt
00:00:18]} Kd7 {[%clk 00:01:45]} {[%emt 00:00:12]} 92. Rd3 {[%clk 00:02:17]}
{[%emt 00:00:24]} Kc6 {[%clk 00:01:22]} {[%emt 00:00:51]} 93. Rc3+ {[%clk
00:02:02]} {[%emt 00:00:46]} Kb5 {[%clk 00:01:42]} {[%emt 00:00:10]} 94. Rb3+
{[%clk 00:01:48]} {[%emt 00:00:45]} Kc5 {[%clk 00:01:51]} {[%emt 00:00:20]} 95.
Rc3+ {[%clk 00:01:34]} {[%emt 00:00:45]} Kd4 {[%clk 00:02:02]} {[%emt
00:00:17]} 96. Rf3 {[%clk 00:01:19]} {[%emt 00:00:46]} Be5 {[%clk 00:00:55]}
{[%emt 00:01:37]} 97. Ra3 {[%clk 00:01:28]} {[%emt 00:00:21]} Kc5 {[%clk
00:00:56]} {[%emt 00:00:29]} 98. Ra5+ {[%clk 00:01:44]} {[%emt 00:00:16]} Kd6
{[%clk 00:01:10]} {[%emt 00:00:13]} 99. Ra6+ {[%clk 00:01:57]} {[%emt
00:00:19]} Kc7 {[%clk 00:01:18]} {[%emt 00:00:19]} 100. Ra7+ {[%clk 00:02:05]}
{[%emt 00:00:25]} Kb6 {[%clk 00:01:23]} {[%emt 00:00:25]} 101. Ra3 {[%clk
00:02:24]} {[%emt 00:00:12]} Kb5 {[%clk 00:00:45]} {[%emt 00:01:06]} 102. Rb3+
{[%clk 00:02:25]} {[%emt 00:00:29]} Kc5 {[%clk 00:00:55]} {[%emt 00:00:20]}
103. Ra3 {[%clk 00:02:26]} {[%emt 00:00:30]} Kb4 {[%clk 00:00:42]} {[%emt
00:00:42]} 104. Rf3 {[%clk 00:02:32]} {[%emt 00:00:23]} Bd4+ {[%clk 00:00:35]}
{[%emt 00:00:37]} 105. Kf1 {[%clk 00:02:23]} {[%emt 00:00:40]} Kc5 {[%clk
00:00:46]} {[%emt 00:00:18]} 106. Nf4 {[%clk 00:01:37]} {[%emt 00:01:18]} Be5
{[%clk 00:00:38]} {[%emt 00:00:36]} 107. Nd3+ {[%clk 00:01:53]} {[%emt
00:00:15]} 1/2-1/2

[Event "ODJM A 2025"]
[Site "Willingen GER"]
[Date "2025.06.08"]
[Round "1"]
[White "Vortmeier, Jan"]
[Black "Tiedemann, Fin Niklas"]
[Result "1-0"]
[Termination "normal"]
[Board "8"]
[WhiteElo "2039"]
[BlackElo "1938"]
[WhiteClock "00:18:57"]
[BlackClock "00:01:16"]
[PlyCount "61"]
[WhiteFideId "16261321"]
[BlackFideId "12936936"]
[EventCountry "GER"]
[EventRounds "9"]
[EventType "swiss"]
[EventDate "2025.06.07"]

1. Nf3 {[%clk 01:30:58]} Nf6 {[%clk 01:30:53]} {[%emt 00:00:09]} 2. g3 {[%clk
01:31:20]} {[%emt 00:00:07]} g6 {[%clk 01:31:17]} {[%emt 00:00:07]} 3. Bg2
{[%clk 01:31:38]} {[%emt 00:00:11]} Bg7 {[%clk 01:31:42]} {[%emt 00:00:06]} 4.
O-O {[%clk 01:31:58]} {[%emt 00:00:08]} O-O {[%clk 01:30:58]} {[%emt 00:01:15]}
5. c4 {[%clk 01:32:19]} {[%emt 00:00:09]} c5 {[%clk 01:22:58]} {[%emt
00:08:30]} 6. Nc3 {[%clk 01:29:05]} {[%emt 00:03:44]} d5 {[%clk 01:22:47]}
{[%emt 00:00:41]} 7. d3 {[%clk 01:26:10]} {[%emt 00:03:24]} Nc6 {[%clk
01:09:15]} {[%emt 00:14:03]} 8. cxd5 {[%clk 01:20:26]} {[%emt 00:06:14]} Nxd5
{[%clk 01:09:36]} {[%emt 00:00:10]} 9. Nxd5 {[%clk 01:19:03]} {[%emt 00:01:52]}
Qxd5 {[%clk 01:09:56]} {[%emt 00:00:10]} 10. Be3 {[%clk 01:19:02]} {[%emt
00:00:31]} Qd6 {[%clk 00:54:26]} {[%emt 00:20:07]} 11. Rc1 {[%clk 01:09:41]}
{[%emt 00:05:43]} Nd4 {[%clk 00:47:31]} {[%emt 00:07:25]} 12. Nd2 {[%clk
01:06:33]} {[%emt 00:03:37]} Bg4 {[%clk 00:36:30]} {[%emt 00:11:32]} 13. Bxd4
{[%clk 00:59:26]} {[%emt 00:07:37]} Bxd4 {[%clk 00:34:53]} {[%emt 00:02:08]}
14. h3 {[%clk 00:50:35]} {[%emt 00:09:20]} Be6 {[%clk 00:32:34]} {[%emt
00:02:49]} 15. Ne4 {[%clk 00:48:35]} {[%emt 00:02:30]} Qb6 {[%clk 00:18:40]}
{[%emt 00:14:24]} 16. e3 {[%clk 00:42:55]} {[%emt 00:06:09]} Bxb2 {[%clk
00:18:42]} {[%emt 00:00:28]} 17. Rb1 {[%clk 00:43:07]} {[%emt 00:00:18]} Bxa2
{[%clk 00:19:05]} {[%emt 00:00:08]} 18. Qc2 {[%clk 00:43:04]} {[%emt 00:00:32]}
Bxb1 {[%clk 00:18:43]} {[%emt 00:00:53]} 19. Rxb1 {[%clk 00:43:30]} {[%emt
00:00:04]} Rac8 {[%clk 00:18:32]} {[%emt 00:00:41]} 20. Rxb2 {[%clk 00:43:22]}
{[%emt 00:00:39]} Qa6 {[%clk 00:16:23]} {[%emt 00:02:39]} 21. Rxb7 {[%clk
00:42:48]} {[%emt 00:01:02]} c4 {[%clk 00:12:55]} {[%emt 00:03:58]} 22. d4
{[%clk 00:37:25]} {[%emt 00:05:53]} e6 {[%clk 00:05:28]} {[%emt 00:07:59]} 23.
Nc5 {[%clk 00:28:25]} {[%emt 00:09:29]} Qa5 {[%clk 00:05:53]} {[%emt 00:00:05]}
24. Qxc4 {[%clk 00:26:13]} {[%emt 00:02:41]} Rfd8 {[%clk 00:05:21]} {[%emt
00:01:02]} 25. Qb3 {[%clk 00:25:33]} {[%emt 00:01:10]} Rxc5 {[%clk 00:03:27]}
{[%emt 00:02:24]} 26. dxc5 {[%clk 00:25:56]} {[%emt 00:00:07]} Qe1+ {[%clk
00:03:53]} {[%emt 00:00:05]} 27. Kh2 {[%clk 00:19:36]} {[%emt 00:06:50]} Rd2
{[%clk 00:03:39]} {[%emt 00:00:43]} 28. Qc3 {[%clk 00:19:11]} {[%emt 00:00:55]}
e5 {[%clk 00:01:31]} {[%emt 00:02:39]} 29. Rb2 {[%clk 00:18:08]} {[%emt
00:01:32]} Rd1 {[%clk 00:00:51]} {[%emt 00:01:10]} 30. Qxe1 {[%clk 00:18:32]}
{[%emt 00:00:06]} Rxe1 {[%clk 00:01:16]} {[%emt 00:00:06]} 31. Rc2 {[%clk
00:18:57]} {[%emt 00:00:04]} 1-0

[Event "ODJM A 2025"]
[Site "Willingen GER"]
[Date "2025.06.08"]
[Round "1"]
[White "Seitz, Manuel"]
[Black "Hofmann, Lorenz"]
[Result "1/2-1/2"]
[Termination "normal"]
[Board "9"]
[WhiteElo "1859"]
[BlackElo "2104"]
[WhiteClock "00:12:11"]
[BlackClock "00:31:18"]
[PlyCount "45"]
[WhiteFideId "16215770"]
[BlackFideId "12995509"]
[EventCountry "GER"]
[EventRounds "9"]
[EventType "swiss"]
[EventDate "2025.06.07"]

1. e4 {[%clk 01:30:55]} {[%emt 00:00:05]} c5 {[%clk 01:30:58]} {[%emt
00:00:04]} 2. f4 {[%clk 01:31:06]} {[%emt 00:00:18]} g6 {[%clk 01:31:24]}
{[%emt 00:00:04]} 3. d4 {[%clk 01:31:24]} {[%emt 00:00:12]} cxd4 {[%clk
01:31:51]} {[%emt 00:00:03]} 4. Qxd4 {[%clk 01:31:33]} {[%emt 00:00:21]} Nf6
{[%clk 01:32:17]} {[%emt 00:00:04]} 5. e5 {[%clk 01:30:40]} {[%emt 00:01:22]}
Nc6 {[%clk 01:32:44]} {[%emt 00:00:04]} 6. Qd3 {[%clk 01:30:00]} {[%emt
00:01:10]} Nh5 {[%clk 01:33:09]} {[%emt 00:00:05]} 7. Be2 {[%clk 01:24:48]}
{[%emt 00:05:42]} d6 {[%clk 01:33:35]} {[%emt 00:00:04]} 8. Nc3 {[%clk
01:12:23]} {[%emt 00:12:55]} dxe5 {[%clk 01:30:14]} {[%emt 00:03:52]} 9. Qxd8+
{[%clk 01:09:25]} {[%emt 00:03:27]} Kxd8 {[%clk 01:29:27]} {[%emt 00:01:18]}
10. fxe5 {[%clk 01:07:00]} {[%emt 00:02:53]} Nxe5 {[%clk 01:28:12]} {[%emt
00:01:46]} 11. Nf3 {[%clk 01:02:29]} {[%emt 00:05:00]} Bg7 {[%clk 01:23:19]}
{[%emt 00:05:23]} 12. Bd2 {[%clk 01:00:34]} {[%emt 00:02:24]} Bd7 {[%clk
01:20:51]} {[%emt 00:03:03]} 13. O-O-O {[%clk 00:56:56]} {[%emt 00:10:02]} Kc8
{[%clk 01:01:13]} {[%emt 00:14:10]} 14. Rhe1 {[%clk 00:41:52]} {[%emt
00:15:34]} Nc6 {[%clk 00:54:52]} {[%emt 00:06:51]} 15. Nd5 {[%clk 00:36:50]}
{[%emt 00:05:31]} Nf6 {[%clk 00:44:09]} {[%emt 00:11:14]} 16. Bc3 {[%clk
00:32:20]} {[%emt 00:04:59]} Ne8 {[%clk 00:42:30]} {[%emt 00:02:09]} 17. Bxg7
{[%clk 00:28:11]} {[%emt 00:04:40]} Nxg7 {[%clk 00:42:56]} {[%emt 00:00:03]}
18. Bb5 {[%clk 00:27:12]} {[%emt 00:01:30]} Re8 {[%clk 00:34:14]} {[%emt
00:09:12]} 19. Nxe7+ {[%clk 00:18:12]} {[%emt 00:09:29]} Kc7 {[%clk 00:31:53]}
{[%emt 00:02:52]} 20. Nd5+ {[%clk 00:16:45]} {[%emt 00:01:56]} Kc8 {[%clk
00:31:43]} {[%emt 00:00:40]} 21. Ne7+ {[%clk 00:12:14]} {[%emt 00:05:02]} Kc7
{[%clk 00:32:04]} {[%emt 00:00:09]} 22. Nd5+ {[%clk 00:12:11]} {[%emt
00:00:33]} Kc8 {[%clk 00:31:18]} {[%emt 00:01:15]} 23. Ne7+ 1/2-1/2